[Event "Beersheba m"]
[Site "Beersheba"]
[Date "1995.??.??"]
[Round "1"]
[White "Kortschnoj, Viktor Lvovich"]
[Black "Greenfeld, Alon"]
[Result "0-1"]
[WhiteElo "2635"]
[BlackElo "2570"]
[Annotator "Greenfeld,A"]
[PlyCount "62"]
[EventDate "1995.??.??"]
[EventType "match"]
[EventRounds "6"]
[EventCountry "ISR"]
[SourceTitle "CBM 051"]
[Source "ChessBase"]
[SourceDate "1996.04.01"]
[SourceVersion "1"]
[SourceVersionDate "1996.04.01"]
[SourceQuality "1"]

1. d4 {Stohl} Nf6 2. c4 c5 3. d5 b5 4. Nf3 g6 5. cxb5 a6 6. Qc2 Bg7 (6... Nxd5
$5 {Stohl} 7. Qxc5 Bb7 8. e4 Nf6 9. Nc3 Bg7 10. Qe3 O-O 11. Bd2 d5 12. exd5
Nxd5 13. Nxd5 Qxd5 14. bxa6 Nxa6 15. Bc3 Bxc3+ 16. bxc3 Nc5 17. Be2 Ne4 18. O-O
Rxa2 19. c4 $10 {1/2/Schmidt,Wl-Plachetka,J/Trnava A/1986/}) 7. e4 (7. Qxc5 {
Stohl} d6 8. Qd4 O-O 9. e4 Nbd7 10. Nc3 Nc5 11. Qb4 axb5 12. Bxb5 Nfxe4 13.
Nxe4 Ra4 14. Qxa4 Nxa4 15. O-O Qa5 16. Bc6 Bf5 17. Ng3 Bd3 18. Re1 Nxb2 $17 {
Sadler,M-Mestrovic,Z/Cannes op/1995/}) 7... O-O 8. Nc3 e6 {8. ...Bb7 or 8...
axb5 should be played} (8... Bb7 $142 $5 {Stohl} 9. Bf4 (9. a4 e6 10. d6 axb5
11. Bxb5 Nc6 12. Bxc6 Bxc6 13. O-O Qb8 14. Be3 Qb4 15. Ne5 Bxe4 16. Nxe4 Nxe4
17. Nxd7 Rfd8 18. Nxc5 Nxd6 19. Nd3 Qe4 20. Rfd1 Nc4 21. Qe2 Nxe3 22. Qxe3 Rxa4
23. Qxe4 Rxe4 24. Kf1 Red4 25. Ke2 Rb8 $15 {Bagirov-Glek/Tashkent 1L/1984/})
9... d6 10. Bc4 axb5 11. Nxb5 Nbd7 12. O-O Nb6 13. Be2 Nxe4 $1 14. Qxe4 Ra4 15.
Nfd4 Bxd4 16. Nxd4 Rxd4 17. Qf3 Nxd5 18. Bh6 Qa8 19. Qg3 Re8 20. b3 Ba6 21.
Rfe1 Bxe2 22. Rxe2 Qa6 $17 {Psakhis-Arbakov /Irkutsk otbor/1983/}) 9. dxe6 (9.
Bg5 {Stohl} h6 10. Bh4 Qa5 $1 $36 {[%cal Rf6e4] /\Ne4!}) (9. d6 Bb7 10. bxa6 (
10. Be3 {Stohl} axb5 11. Bxc5 Na6 $36 {[%csl Re1] @,עe1}) 10... Nxa6 {[%cal
Ya6b4] /\Nb4~/=}) 9... fxe6 10. e5 Nh5 (10... Ng4 $2 11. Qe4 $18) 11. Qe4 {
Exposes the Q. By attacking it later Black will destroy White's centre.} (11.
Be3 $142 {Stohl} Bb7 (11... Qb6 12. b4 $16) 12. Bxc5 $1 (12. Ne4 $14) 12...
Rxf3 (12... Rf7 13. Ne4) 13. gxf3 Bxf3 14. Rg1 Bxe5 15. Be2 $16) (11. Be2 $16)
11... Ra7 12. Be3 (12. Be2 $142 $16) 12... Bb7 13. Qc4 (13. Qg4 Bxf3 14. gxf3
Qc7 $36) 13... Bxf3 14. gxf3 (14. Bxc5 Rc7 15. gxf3 Bxe5 $17) 14... axb5 {
Stohl:Now Black has good compensation} 15. Qxc5 Rc7 16. Qxb5 Nc6 {[%csl Re1]
Stohl: Although White is now 2 pawns up and can win an exchange, he has no
secure place for his K and his Rooks have no scope. Black has a powerful
initiative.} 17. Bb6 Nxe5 18. Be2 (18. Bxc7 Nxf3+ 19. Kd1 Qxc7 $17) 18... Nxf3+
{I was left with 10 minutes for 23 moves so I considered settling for a draw
after} (18... Qg5 19. Bxc7 Nxf3+ 20. Kf1 Nd2+ 21. Ke1 Nf3+) 19. Bxf3 {
eventually I concluded that I can keep my initiative} Rxf3 20. Bxc7 (20. Qa5
Qh4 $1 21. Bxc7 Qxf2+ 22. Kd1 Qxb2 23. Qa8+ Rf8 $19) 20... Qxc7 21. Ne2 (21.
O-O Rh3 22. f4 Bd4+ 23. Kg2 Nxf4+) (21. O-O-O $142 $5) (21. O-O-O $5 Bxc3 (
21... Rxc3+ 22. bxc3 Qxc3+ 23. Kb1 Qa1+ 24. Kc2 Qxa2+ 25. Kd3 Qa3+ 26. Kc2 $10)
22. bxc3 Qxc3+ 23. Kb1 Rxf2 $17) 21... Rf5 22. Qb4 Nf4 {Stohl: Exchanging the
last defensive piece. White's Rooks can't help his K. Black's attack decides.}
23. Nxf4 Rxf4 24. Qb5 (24. Qd2 Re4+ (24... Qc6 $1 $19) 25. Kf1 Qc4+ $19) (24.
Qb3 Qe5+ 25. Kf1 Qf5 $17) 24... Rf5 25. Qb3 {25. . Qd2 Qe5+ Kf1 Qb2} (25. Qd3
Qe5+ 26. Kf1 Qxb2 $17) 25... Qe5+ 26. Kf1 {Here I was left with 3 minutes} (26.
Qe3 Qd5 {[%cal Rd5h1,Rf5e5] /\Qh1,Re5-+}) 26... Qc5 $138 27. f3 Qc6 28. Kg2 (
28. Ke2 Rb5 $19) 28... Rg5+ (28... Rb5 $19) 29. Kh3 (29. Kf1 Rb5 $19) 29... Qc5
{[%cal Rc5f5] /\Qf5} 30. Qb8+ (30. Qd3 Qf2 $19) 30... Bf8 31. Qf4 (31. b4 Rh5+
32. Kg4 Qf5+ $19) 31... Bd6 (31... Bd6 32. Qe4 $8 Qf2 {[%cal Rg5h5,Rf2g2] /
\Rh5,Qg2}) 0-1

[Event "Biel GM"]
[Site "Biel"]
[Date "2003.07.25"]
[Round "5"]
[White "Kortschnoj, Viktor Lvovich"]
[Black "Morozevich, Alexander"]
[Result "1/2-1/2"]
[WhiteElo "2628"]
[BlackElo "2679"]
[Annotator "Dautov,R"]
[PlyCount "77"]
[EventDate "2003.07.21"]
[EventType "tourn"]
[EventRounds "11"]
[EventCountry "SUI"]
[EventCategory "16"]
[SourceTitle "CBM 097"]
[Source "ChessBase"]
[SourceDate "2003.11.11"]
[SourceVersion "1"]
[SourceVersionDate "2003.11.11"]
[SourceQuality "1"]

1. d4 g6 2. c4 Bg7 3. Nc3 c5 4. e3 cxd4 5. exd4 Nf6 6. Nf3 d5 7. Bg5 Ne4 {
Die Eröffnungsvariante gilt als ungefährlich für Schwarz. Eine gute
Alternative zum Textzug bietet 7...0-0.} (7... O-O 8. Bxf6 Bxf6 9. cxd5 (9.
Nxd5 Bg7 $44) 9... Bg4 $44) 8. cxd5 Nxg5 9. Nxg5 O-O {Zu einem problemlosen
Ausgleich führte 10...Qb6, aber Morozevich sucht einen komplexen Kampf.} (9...
Qb6 $5 10. Bb5+ Bd7 11. Qe2 O-O 12. O-O Bxb5 13. Nxb5 Nd7 14. Nf3 Nf6 15. Nc3
Rad8 16. Qc4 Rd7 17. Rfe1 Rfd8 $11) 10. Qd2 Nd7 11. Bc4 Bh6 $6 {Dieser Zug
überzeugt mich nicht. M.E. sind die Fortsetzungen 11...Qb6 oder 11...a6
stärker.} (11... Qb6 12. Rd1 Qb4 13. Bb3 a5 14. Ba4 Nb6 15. a3 Qc4 16. Qe2 Bf5
17. Bb5 Qxe2+ 18. Kxe2 Rad8 $15 {Ljubojevic,L-Kamsky,G/Monte Carlo 1996}) (
11... a6 12. a4 Qb6 13. Nf3 Qb4 14. Be2 Nb6 (14... Nf6 $5 15. O-O Rd8) 15. a5
Nc4 16. Bxc4 Qxc4 {Enevoldsen,J-Karaklajic,N/Beverwijk 1967} 17. Ne5 $14) 12.
f4 ({Weiß kann die entstandene Fesselung ruhig ignorieren:} 12. O-O $5 Nb6 13.
Bb3 e6 14. Nxf7 $1 Bxd2 15. Nxd8 Rxd8 16. dxe6 Kf8 17. Rad1 $14) 12... Nf6 13.
O-O a6 14. a4 Bf5 15. a5 Rc8 16. Bb3 (16. b3 $5 Ne8 17. Na4 $14) 16... Qd6 17.
Rfe1 (17. Na4 Rc7 18. Nb6 Nh5 $1 19. g3 Bxg5 20. fxg5 Nxg3 $17) 17... Qb4 {
Schwarz bekam eine typische Kompensation : die weißen Bauern a5, d4, d5 und f4
neigen zur Schwäche. Aber Kortschnoj ist in seinem Element - er hat mehr
Material!} 18. Ra3 Rc7 19. Ba2 $1 Qd6 $6 {Morozevich verliert nach und nach
den Faden. In Frage kam 19...b5, um den schwarzen Figuren mehr Raum zu
verschaffen.} (19... b5 20. axb6 Qxb6) 20. g3 Rfc8 21. Nf3 Bf8 (21... Bg7 22.
Ne5 $14) 22. Ne5 Kg7 23. Rb3 $1 $16 {Kortschnoj hat seinen Gegner nach und
nach strategisch überspielt, aber nun beginnen die taktischen Komplikationen.}
e6 $2 {Die Flucht nach vorne!} (23... Nxd5 $2 24. Nxf7 $1 Kxf7 25. Rb6 $18) 24.
dxe6 Rd8 25. Nf3 $1 (25. exf7 Qxd4+ 26. Qxd4 Rxd4 $16 {/\Rd2}) 25... Qc6 26.
Qf2 Ng4 27. Qg2 Bc5 28. Rb6 $2 {Bisher hat sich Kortschnoj tapfer geschlagen,
aber jetzt unterläuft ihm ein Berechnungsfehler. Nach dem ruhigen Zug 28.Kh1!
hätte Schwarz nichts für das geopferte Material.} (28. Kh1 $1 Ba7 29. exf7 $18)
28... Bxb6 29. axb6 Qxb6 $1 30. e7 Rxd4 $1 (30... Re8 $2 31. Nd5 $16) 31. Kh1 {
Wahrscheinlich hat Weiß erst hier entdeckt, wie ungünstig für ihn die Folgen
von 31.Nxd4 sind.} (31. Nxd4 Qxd4+ 32. Kh1 Nf2+ 33. Qxf2 (33. Kg1 Nd3+ 34. Kh1
Nxe1 $19) 33... Qxf2 34. e8=Q Be6 $3 $19 {Es ist sehr leicht, diesen starken
Zug zu übersehen!}) 31... Re4 32. Rxe4 $2 {Dies sollte zum Verlust führen,
aber Weiß hatte bereits keine angenehme Wahl.} (32. e8=Q Rxe8 33. Rxe8 Nf2+ 34.
Kg1 Ne4+ 35. Kh1 Qe3 36. Rxe4 Bxe4 37. Nxe4 Qxe4 $40) (32. Nxe4 Rxe7 33. Neg5
Rxe1+ 34. Nxe1 Nf2+ 35. Kg1 Nd3+ 36. Kf1 Qe3 $17) 32... Nf2+ 33. Qxf2 Qxf2 34.
e8=Q Qxf3+ 35. Kg1 Bxe4 $2 {Offensichtlich in Zeitnot, übersieht Morozevich
die einfache Mattsezung 35...Bh3! Oder sah er nicht das kommende Dauerschach?}
(35... Bh3 $1 36. Qe5+ f6 37. Qxc7+ Kh6 $19) 36. Qe5+ (36. Qxe4 $2 Qxe4 37.
Nxe4 Rc1+ 38. Kf2 Rc2+ $17) 36... Kf8 37. Qh8+ Ke7 38. Qe5+ Kf8 (38... Kd7 39.
Qd4+ $11) 39. Qh8+ 1/2-1/2

[Event "Biel GM"]
[Site "Biel"]
[Date "2003.07.24"]
[Round "4"]
[White "Pelletier, Yannick"]
[Black "Kortschnoj, Viktor Lvovich"]
[Result "1-0"]
[WhiteElo "2602"]
[BlackElo "2628"]
[Annotator "Pelletier,Y"]
[PlyCount "125"]
[EventDate "2003.07.21"]
[EventType "tourn"]
[EventRounds "11"]
[EventCountry "SUI"]
[EventCategory "16"]
[SourceTitle "CBM 097"]
[Source "ChessBase"]
[SourceDate "2003.11.11"]
[SourceVersion "1"]
[SourceVersionDate "2003.11.11"]
[SourceQuality "1"]

1. d4 Nf6 2. c4 e6 3. Nf3 b6 4. g3 Bb7 5. Bg2 Bb4+ 6. Bd2 Be7 {Von meiner
Eröffnungswahl überrascht versuchte Kortschnoj, die bekannten Varianten früh
aus dem Weg zu gehen.} 7. Nc3 O-O 8. O-O (8. d5 {sollte die kritische
Fortsetzung sein.}) 8... Qc8 (8... d5 {scheint mir besser zu sein, aber
Kortschnoj wollte vermutlich die Bauernstruktur nicht so früh bestimmen.}) 9.
Bg5 h6 10. Bxf6 Bxf6 11. e4 {Weiss steht leicht besser, weil er den ersten
kleinen strategischen Kampf gewonnen hat, nämlich die Besetzung des Feldes e4.}
d6 12. Qd2 {[%csl Rh6] Verhindert die Rückkehr des Bf6 nach g7 mittels 12...g6.
} Nc6 13. Rfe1 e5 14. d5 Ne7 15. h4 Rd8 16. Rac1 (16. Nh2 {mit der Idee Ng4
bringt wegen} h5 {nichts ein.}) (16. Kh2 {war aber vielleicht genauer.}) 16...
Ng6 17. Kh2 Qd7 18. Bh3 Qe7 19. Nd1 Bc8 20. Bxc8 Raxc8 21. Ne3 Qd7 22. Rc3 $6 (
{Den nützlichen Zug} 22. Kg2 {kommt Weiss nicht herum, daher war er hier
angebracht.}) 22... Ne7 23. Qe2 g6 24. h5 Kg7 25. Kg2 Bg5 26. Nxg5 hxg5 27. Rh1
Rh8 28. Rcc1 {Der Rc3 stand nun ganz dumm.} Rcf8 ({Im Falle von} 28... f5 29.
exf5 gxf5 {spielt Weiss} 30. h6+ $1 Kf6 31. h7 {[%csl Rf6]} Ng6 (31... g4 32.
f3) 32. Qh5 Rcf8 33. Qh6 {(/\ Rh5)} Qg7 34. Nxf5 Qxh6 35. Nxh6 Rxh7 36. Ng4+
Kg7 37. Rxh7+ Kxh7 38. Rh1+ Kg7 39. Rh5 $16 {[%csl Rg5]}) 29. hxg6 fxg6 30.
Rxh8 (30. b4 $5) 30... Rxh8 31. Qg4 Qxg4 32. Nxg4 {[%csl Rg5,Rg6]} a5 33. b3 {
[%cal Ga2a3,Gb3b4]} Ra8 {[%cal Ya8a1]} 34. Rd1 ({Weiss kann gegen die
schwachen Doppelbauern auf der g-Linie spielen, aber dieser Faktor ist
ungenügend, um den Gewinn zu versprechen. Er muss am Damenflügel zum Vorstoss
c5 kommen. Leider ist dies unmöglich, solange der schwarze Turm bereit ist,
ins weisse Lager durch die a-Linie einzudringen. Eine andere Idee kam mir vor:
meinen Turm nach e6 via f3 und f6 hineinzubringen. Ich schätzte ein, dass sich
Schwarz nicht erlauben konnte, die Türme zu tauschen.} 34. a3 {spielte ich
noch nicht wegen} c5 $5) 34... Ng8 35. Rd3 {[%csl Rg8][%cal Gd3f3]} Rf8 36. a3
Ra8 ({Das Bauernendspiel nach} 36... Nf6 37. Nxf6 Rxf6 38. Rf3 {ist verloren,
z.B:} g4 39. Rxf6 Kxf6 40. Kf1 Ke7 41. Ke2 Kf6 (41... Kd7 42. f4 gxf3+ 43. Kxf3
Ke7 (43... c6 44. Kg4 $18) 44. Kg4 Kf6 45. Kh4 $18) (41... Kf7 42. f4 gxf3+ 43.
Kxf3 Kf6 44. Kg4 $18) 42. Ke3 Kg5 43. b4 axb4 44. axb4 Kf6 45. Kd2 $18) 37. Rf3
Rf8 $2 ({Nach} 37... Ne7 $6 {gelingt es Weiss, seine Idee zu verwirklichen:}
38. Rf6 $1 {und 39.Re6!}) ({Aber der Turmtausch führt im folgenden
Springerendspiel zum Verlust. Daher war} 37... Rc8 {oder 37...Rd8 die richtige
Verteidigung. Ich sehe dann nicht, wie Weiss seine Druckstellung verstärken
kann.}) 38. Rxf8 Kxf8 39. Kf3 Ke7 40. Ke3 Kf7 ({Nach} 40... Kd7 {ist sogar} 41.
f4 {möglich, man sehe} gxf4+ 42. gxf4 exf4+ 43. Kxf4 {und Kg5}) 41. b4 (41. f4
$2 gxf4+ 42. gxf4 Nf6 $11) 41... axb4 42. axb4 Ke7 43. c5 bxc5 (43... b5 44. c6
{und b5 wird abgeholt .}) 44. bxc5 Kd7 45. Kd3 {[%cal Gd3c4,Gc4b5]} ({Ich
suchte lange einen Gewinn mittels} 45. c6+ $2 Ke7 (45... Kc8 46. f4) 46. Kd3
Kd8 47. Kc4 Kc8 48. Kb5 Kb8 49. Ka6 {konnte aber die schwarze Festung nicht
zerstören, z.B:} Ka8 50. f3 Kb8 51. Nf2 Nh6 52. g4 Ka8 53. Nh3 Nf7 54. Nf2 Nh6
55. Nd3 Nf7 $11) 45... c6 {Sonst kommt der weisse König nach b5.} 46. Kc4 cxd5+
(46... Kc7 {sollte auch verlieren:} 47. cxd6+ Kxd6 48. dxc6 Ne7 49. c7 Nc8 50.
f3 {und Schwarz gerät in Zugzwang.}) 47. exd5 Kc7 48. f3 ({Nicht} 48. c6 Kb6 $1
(48... Ne7 $2 49. Nf6) 49. Kd3 Kc7) ({Aber leichter gewann} 48. Kb5 $1 Ne7 49.
Nf6 $18) 48... Kd7 (48... Ne7 49. Nxe5) 49. Nf2 Ne7 (49... dxc5 50. Kxc5 Nh6
51. g4) 50. g4 {[%csl Re7] Der schwarze Springer darf nicht aus dem Käfig
gestattet werden.} Nc8 51. Ne4 Kc7 52. Kb5 (52. Nxg5 dxc5 53. Kxc5 Nd6 54. Ne6+
$18) 52... dxc5 (52... Na7+ 53. Kb4 dxc5+ 54. Kxc5 Nc8 55. d6+ Kd7 56. Nf6+ Ke6
57. d7 Nd6 58. d8=N+ Ke7 59. Ne4 {ist ein möglicher Gewinn.}) 53. Kxc5 Kd7 54.
d6 Ke6 55. Kc6 (55. Nxg5+ Kd7 56. Ne4 $18) 55... Na7+ 56. Kb6 Nc8+ 57. Kc7 Nxd6
58. Nxd6 Kd5 59. Kd7 Kd4 60. Nf7 e4 61. fxe4 Kxe4 62. Ke6 Kf4 63. Nh6 1-0

[Event "Enghien les Bains"]
[Site "Enghien les Bains"]
[Date "2003.06.21"]
[Round "8"]
[White "Bauer, Christian"]
[Black "Kortschnoj, Viktor Lvovich"]
[Result "1-0"]
[WhiteElo "2582"]
[BlackElo "2632"]
[Annotator "Ribli,Z"]
[PlyCount "63"]
[EventDate "2003.06.13"]
[EventType "tourn"]
[EventRounds "9"]
[EventCountry "FRA"]
[EventCategory "17"]
[SourceTitle "CBM 096"]
[Source "ChessBase"]
[SourceDate "2003.09.25"]
[SourceVersion "1"]
[SourceVersionDate "2003.09.25"]
[SourceQuality "1"]

1. Nf3 {Atlas,V} d5 2. d4 Nf6 3. c4 e6 4. g3 Bb4+ 5. Bd2 Be7 6. Bg2 O-O 7. O-O
c6 8. Qc2 Nbd7 {Dieser natürliche Springerzug ist eine der beiden
Hauptfortsetzungen. Meiner Meinung nach bietet 8...b6 Schwarz jedoch bessere
Ausgleichschancen, denn danach bleibt Schwarz die Möglichkeit offen, den
Springer über a6 zu entwickeln.} (8... b6 $142 $5 9. Bf4 Bb7 10. Rd1 Na6 11.
Nc3 dxc4 12. Ne5 Nd5 13. Nxc4 Nxf4 14. gxf4 Nb4 {Das ist die Hauptidee des
Zuges 10...Na6 - der Springer gelangt a tempo nach d5.} 15. Qd2 (15. Qb3 Nd5
16. e3 Rc8 17. Rac1 Rc7 $11) 15... Nd5 16. Rac1 $11) 9. Rd1 b6 (9... Ne4 {
[%cal Gf7f5]}) 10. Bf4 Bb7 (10... Ba6 $6 11. Ne5 Nxe5 12. dxe5 Nh5 13. Be3 f5
14. cxd5 cxd5 15. Nc3 Qe8 16. Bd4 $14) 11. Nc3 dxc4 12. Nd2 Nd5 13. Nxc4 Nxf4
14. gxf4 {Schwarz hat das Läuferpaar und Weiß einen Doppelbauern auf der
f-Linie. Dafür verfügt Weiß über Raumvorteil und positionellen Druck am
Damenflügel.} g6 {Dieser gegen f4-f5 gerichtete Sicherungszug wird selten
gespielt. Meiner Meinung nach bietet der Plan 14...Qc7 nebst 15...Rad8 Schwarz
gute Ausgleichschancen.} (14... Nf6 15. Ne5 (15. e3 Nd5 16. a3 Rc8 17. b4 Rc7
18. Ne5 Bd6 19. Ne4 Be7 20. Rac1 Qa8 21. Ng5 {1-0 Van Wely,L-Sokolov,I/
Amsterdam 2001/CBM 83 ext (41)}) 15... Nd5 16. e3 Rc8 17. Rac1 f6 (17... Bd6
18. Qa4 Bb8 19. a3 Qe7 20. b4 f6 21. Nf3 {1/2-1/2 Marin,M-Cifuentes Parada,R/
Cala Galdana 2001/CBM 84 ext (21)}) 18. Nd3 Bd6 19. Qa4 Bb8 20. Ne4 Qe8 21. Rc2
g5 22. Ng3 gxf4 23. Nxf4 Bxf4 24. exf4 Qd7 {1/2-1/2 Sprenger,J-Sokolov,A/
Germany 2002/EXT 2003 (50)}) (14... Qc7 15. e3 Rad8 $5 {Schwarz bereitet c6-c5
vor. Stünde ein schwarzer Turm auf c8, so wäre dieser Plan schlecht, denn auf
c5 käme Nb5 und Bxb7, Nd6 mit Qualitätsgewinn.} (15... Rac8 16. Rac1 a6 17. a3
(17. Ne4 Rfd8 18. Ng5 g6 19. Qe4 Ba8 20. Qb1 c5 21. Bxa8 Rxa8 22. dxc5 bxc5 23.
Qe4 {1/2-1/2 Bareev,E-Atlas,V/Panormo 2001/CBM 84 ext (46)}) 17... Rfd8 18. b4
Nf6 19. Qb1 Nd5 20. Ne4 h6 21. Ne5 Bf8 22. Rc2 Qe7 23. Rdc1 Qe8 24. Qb3 {
1-0 Loetscher,R-Atlas,V/Switzerland 2002/CBM ext 91 (65)}) 16. Rac1 (16. Rd2 {
1/2-1/2 Horvath,C-Tukmakov,V/Basel 2001/CBM 80 ext (16)}) 16... Nf6 17. Ne5 c5
18. Ne4 Bxe4 19. Bxe4 Nxe4 20. Qxe4 Bf6 21. dxc5 Rxd1+ 22. Rxd1 Qxc5 23. b4 Qb5
24. Nd7 {1/2-1/2 Flumbort,A-Horvath,C/Budapest HUN 2003/ (24)}) 15. Rac1 (15.
Ne5 Qc8 16. Rac1 Nf6 17. Ne4 Nd5 18. e3 Nb4 19. Qb1 Qe8 20. a3 Nd5 {1/2-1/2
Bischoff,D-Olcayoz,A/Elista 1998/CBM 66 ext (38)}) (15. e3 Nf6 16. a3 Nd5 17.
Rac1 Rc8 18. Ne5 {Das ist eine Zugumstellung zur Variante 18.Ne5 - siehe unten.
}) 15... Rc8 16. e3 Nf6 17. a3 Nd5 18. b4 {[%csl Ga3,Gb4,Gd4,Gg2] Weiß hat
Initiative am Damenflügel - es ist nicht einfach für Schwarz - wenn es
überhaupt einen Weg gibt - den Ausgleichszug c6-c5 durchzusetzen.} (18. Ne5 Kg7
19. Qa4 a6 20. Qb3 Rc7 21. Na4 b5 22. Nc5 Bc8 23. Rd2 a5 24. Qd1 Qe8 25. Rdc2
$16 {1-0 Wojtkiewicz,A-Wolff,P/New York 1994/CBM 40 ext (55)}) 18... a5 {
Schwarz möchte die Stellung für sein Läuferpaar öffnen - das ist eine
verständliche Idee. Der Nachteil des Textzugs zeigt sich jedoch in der
nachhaltigen Schwächung des Schlüsselfeldes c5.} (18... Rc7) 19. bxa5 bxa5 (
19... b5 20. Rb1 $1 Ba6 21. Nb6 Nxb6 22. axb6 Qxb6 23. Na4 Qa7 24. Nc5 $16) 20.
Qb3 $1 $14 (20. Ne4 Ba6 (20... c5 21. Qb2 Ba6 22. dxc5 Bxc5 23. Nxc5 (23. Rxd5
$6 exd5 24. Nf6+ Kh8 $15) 23... Rxc5 24. Ne5 Rxc1 25. Rxc1 $14) 21. Nc5 Bxc5
22. dxc5 Bxc4 23. Qxc4 Qc7 $11 {Anschließend kann Schwarz Rb8 ziehen.}) 20...
Ba6 21. Ne5 Qd6 22. Ra1 $1 {Es ist selten, dass ein solch passiver Zug
dermaßen stark ist. Es droht einfach Ne4 und Rdc1 mit deutlichem positionellen
Vorteil.} Rb8 (22... f6 $2 23. Nxc6 $1 Nxc3 (23... Rxc6 24. Nxd5 $18) 24. Qxc3
Kg7 25. Rdb1 $16) (22... Nxc3 23. Qxc3 c5 24. Qxa5 $16) (22... Qc7 23. Rdc1 $16
) 23. Qc2 Rfc8 24. Ne4 {[%csl Yc5][%cal Ge4c5,Re4d6][%mdl 32] Atlas,V: 'White
has a stable advantage.'} Qc7 25. Rdc1 {[%cal Gc1c8]} Bb5 26. Nc5 Bxc5 (26...
a4 {(Atlas,V) was to be preferred.}) 27. Qxc5 {[%csl Gc5][%cal Gc1c8]} a4 {
Schwarz unterbindet 28.a4.} (27... f6 28. Bh3 $1 $16) {[#]} 28. f5 $1 $16 {
Atlas,V: 'A very strong move, yielding White a very dangerous attack.' 
"Spielen an beiden Flügeln - das ist meine Lieblingsstrategie", sagte der
vierte Weltmeister der Welt, Aljechin. Mit dem Textzug wäre er sehr zufrieden.}
gxf5 29. Bxd5 exd5 30. Kh1 {[%cal Rc1g1,Rg1g8][%mdl 128]} f6 $2 (30... Kh8 $8
31. Qd6 (31. Rg1 Rf8 32. Rg5 $1 f6 33. Rxf5 Rbe8 (33... Qc8 34. Qe7 Rb7 (34...
Qxf5 35. Rg1 $18) (34... Qe8 35. Qxe8 Rbxe8 36. Nd7 Bd3 37. Rf4 Rf7 38. Ne5 $18
) 35. Qd6 $18) 34. Rg1 (34. Rf4 Rg8 35. Qd6 $1 (35. Rxf6 $2 Rxe5 36. dxe5 Qg7
$19) 35... Qxd6 36. Nf7+ Kg7 37. Nxd6 Re6 38. Rg4+ Kf8 39. Rxg8+ Kxg8 40. Rg1+
Kf8 41. Nb7 $16 {[%cal Gb7c5]}) 34... Qd8 (34... Qc8 $2 35. Qa7 $18) 35. Ng4
Rg8 $14) 31... Qxd6 32. Nxf7+ Kg7 33. Nxd6 Rf8 34. Nxb5 cxb5 35. Rc5 $16) ({
Leads to a spectacular mate final. More stubborn was} 30... Be2 {Atlas,V}) 31.
Rg1+ Kh8 32. Qd6 $3 $18 {[%csl Rc7,Gd6,Ge5,Gg1,Rh8][%cal Rd6f6,Rf6h8] Atlas,V:
'An impressive queen sacrifice wins immediately. Black resigned in view of
inevitable mate:'} (32. Qd6 Qxd6 (32... fxe5 {Atlas,V} 33. Qf6+) 33. Nf7#) 1-0